<?xml version="1.0" encoding="UTF-8"?>
<collection xmlns="http://www.loc.gov/MARC21/slim">
<record>
  <controlfield tag="001">109550</controlfield>
  <controlfield tag="005">20220203103013.0</controlfield>
  <datafield tag="037" ind1=" " ind2=" ">
    <subfield code="a">TESIS-2022-016</subfield>
  </datafield>
  <datafield tag="041" ind1=" " ind2=" ">
    <subfield code="a">spa</subfield>
  </datafield>
  <datafield tag="080" ind1=" " ind2=" ">
    <subfield code="a">53</subfield>
  </datafield>
  <datafield tag="100" ind1="1" ind2=" ">
    <subfield code="a">Mateu Roldán, Adán</subfield>
  </datafield>
  <datafield tag="245" ind1="0" ind2="0">
    <subfield code="a">Nanopartículas magnéticas de hierro y carbono para aplicaciones en Biomedicina</subfield>
  </datafield>
  <datafield tag="260" ind1=" " ind2=" ">
    <subfield code="a">Zaragoza</subfield>
    <subfield code="b">Universidad de Zaragoza, Prensas de la Universidad</subfield>
    <subfield code="c">2021</subfield>
  </datafield>
  <datafield tag="300" ind1=" " ind2=" ">
    <subfield code="a">335</subfield>
  </datafield>
  <datafield tag="490" ind1="0" ind2=" ">
    <subfield code="a">Tesis de la Universidad de Zaragoza</subfield>
    <subfield code="x">2254-7606</subfield>
    <subfield code="v">2021-331</subfield>
  </datafield>
  <datafield tag="500" ind1=" " ind2=" ">
    <subfield code="a">Presentado:  15 01 2021</subfield>
  </datafield>
  <datafield tag="502" ind1=" " ind2=" ">
    <subfield code="a">Tesis-Univ. Zaragoza,  , 2021</subfield>
    <subfield code="b">Zaragoza, Universidad de Zaragoza</subfield>
    <subfield code="c">2021</subfield>
  </datafield>
  <datafield tag="520" ind1=" " ind2=" ">
    <subfield code="a">Las nanopartículas forman una nueva clase de materiales que poseen unas propiedades&lt;br />únicas que sobrepasan los límites moleculares y el estado sólido masivo. Poseen un&lt;br />amplio rango de tamaños y de variedad formas, con diferentes propiedades magnéticas,&lt;br />electrónicas, ópticas y químicas (Klabunde and Richards 2009). Las nanopartículas se&lt;br />han convertido en el foco fundamental de muchas investigaciones debido a sus&lt;br />numerosas y relevantes aplicaciones en áreas como la catálisis homogénea,&lt;br />comunicaciones ópticas, detección de gases, nanoelectrónica, medicina etc.&lt;br />El trabajo de investigación que se presenta en esta tesis doctoral está dirigido a la síntesis&lt;br />y caracterización fisicoquímica de nanopartículas magnéticas, para aplicaciones en&lt;br />Biomedicina. Por ello se ha dedicado un importante esfuerzo al estudio de su&lt;br />citotoxicidad y de su adecuación como portadores de fármacos guiados&lt;br />magnéticamente. Las nanopartículas estudiadas están compuestas de hierro y carbono.&lt;br />En concreto, se han estudiado dos tipos de nanopartículas core-shell con núcleo de&lt;br />hierro y óxidos de hierro magnéticos recubiertas de carbono (nanopartículas Fe@C y&lt;br />Fe3O4@C), y unas nanopartículas de carburo de hierro.&lt;br />Este trabajo se divide en dos partes: en la primera se presenta un estado del arte sobre&lt;br />los temas centrales de esta tesis doctoral, así como las técnicas experimentales y los&lt;br />materiales utilizados para la síntesis y funcionalización de las nanopartículas&lt;br />magnéticas. En la segunda parte se expone una caracterización exhaustiva de las&lt;br />nanopartículas magnéticas y una comparación de cómo cambian sus propiedades antes&lt;br />y después de su funcionalización con polímeros orgánicos. Por último, se presentan los&lt;br />ensayos in vitro para el estudio de su citotoxicidad y de su capacidad para la&lt;br />adsorción/liberación de fármacos.&lt;br />En el Capítulo I: Introducción se presenta un breve resumen sobre la historia de la&lt;br />nanociencia y la nanotecnología hasta nuestros días, conceptos básicos de magnetismo&lt;br />de nanopartículas y un resumen sobre la síntesis y usos de nanopartículas magnéticas, y&lt;br />del carbono como recubrimiento de nanopartículas. Al final del capítulo se exponen la&lt;br />motivación y los objetivos del estudio llevado a cabo con las nanopartículas core-shell&lt;br />y con las de carburo de hierro.&lt;br />En el Capítulo II: Materiales y métodos se presentan las técnicas experimentales&lt;br />utilizadas para la caracterización de las nanopartículas magnéticas y los ensayos in vitro&lt;br />realizados. También se describen los métodos de síntesis y funcionalización de estas&lt;br />nanopartículas.&lt;br />El Capítulo III: Caracterización físico-química de nanopartículas de Fe@C y&lt;br />Fe3O4@C recoge la caracterización fisicoquímica de las nanopartículas de Fe@C y&lt;br />Fe3O4@C.&lt;br />En el Capítulo IV: Caracterización físico-química de nanopartículas de Fe@C y&lt;br />Fe3O4@C funcionalizadas se presenta la caracterización de las nanopartículas una vez&lt;br />funcionalizadas con los polímeros orgánicos seleccionados.&lt;br />El Capítulo V: Experimentos in vitro abarca los resultados de los experimentos in vitro&lt;br />realizados con las nanopartículas magnéticas de Fe@C y Fe3O4@C (con y sin&lt;br />funcionalización), así como el estudio de su internalización celular, la degradación en&lt;br />el interior de las células y su citotoxicidad. Se presentan también los experimentos de&lt;br />adsorción y desorción de fármacos.&lt;br />En el Capítulo VI: Propiedades físico-químicas de nanopartículas de carburo de hierro&lt;br />Fe2.2C y su funcionalización se presenta el trabajo realizado durante la estancia predoctoral&lt;br />en el LPCNO (Laboratoire de Physique et Chimie des Nano-objets, Toulouse,&lt;br />Francia) donde se desarrolló la síntesis, caracterización, funcionalización y puesta a&lt;br />punto de nanopartículas magnéticas de carburo de hierro (Fe2.2C) con el objetivo de&lt;br />utilizarlas para aplicaciones en Biomedicina.&lt;br />Para finalizar, en el Capítulo VII: Conclusiones generales y perspectivas de futuro se&lt;br />presenta un resumen de los objetivos alcanzados y las posibles líneas de trabajo que&lt;br />quedan abiertas a partir de esta tesis doctoral.&lt;br />Referencias&lt;br />Klabunde, K.J., and R.M. Richards. 2009. Nanoscale Materials In Chemistry.&lt;br />2nd ed.&lt;br /></subfield>
  </datafield>
  <datafield tag="506" ind1=" " ind2=" ">
    <subfield code="a">by-nc-nd</subfield>
    <subfield code="b">Creative Commons</subfield>
    <subfield code="c">3.0</subfield>
    <subfield code="u">http://creativecommons.org/licenses/by-nc-nd/3.0/es</subfield>
  </datafield>
  <datafield tag="520" ind1=" " ind2=" ">
    <subfield code="a">&lt;br /></subfield>
  </datafield>
  <datafield tag="521" ind1=" " ind2=" ">
    <subfield code="9">7076</subfield>
    <subfield code="a">Programa de Doctorado en Física</subfield>
  </datafield>
  <datafield tag="653" ind1="1" ind2=" ">
    <subfield code="a">fisica</subfield>
  </datafield>
  <datafield tag="653" ind1="1" ind2=" ">
    <subfield code="a">fisica medica</subfield>
  </datafield>
  <datafield tag="700" ind1=" " ind2=" ">
    <subfield code="a">MARQUINA GARCÍA, CLARA ISABEL</subfield>
    <subfield code="e">dir.</subfield>
  </datafield>
  <datafield tag="700" ind1=" " ind2=" ">
    <subfield code="a">IBARRA GARCÍA, MANUEL RICARDO</subfield>
    <subfield code="e">dir.</subfield>
  </datafield>
  <datafield tag="710" ind1="2" ind2=" ">
    <subfield code="a">Universidad de Zaragoza</subfield>
    <subfield code="b"> </subfield>
  </datafield>
  <datafield tag="830" ind1=" " ind2=" ">
    <subfield code="9">488</subfield>
  </datafield>
  <datafield tag="856" ind1="0" ind2=" ">
    <subfield code="f">cdeurop@unizar.es</subfield>
  </datafield>
  <datafield tag="856" ind1="4" ind2=" ">
    <subfield code="u">http://zaguan.unizar.es/record/109550/files/TESIS-2022-016.pdf</subfield>
    <subfield code="z">Texto completo (spa)</subfield>
    <subfield code="s">8830826</subfield>
  </datafield>
  <datafield tag="909" ind1="C" ind2="O">
    <subfield code="o">oai:zaguan.unizar.es:109550</subfield>
    <subfield code="p">driver</subfield>
    <subfield code="p">tesis</subfield>
  </datafield>
  <datafield tag="910" ind1="2" ind2=" ">
    <subfield code="a"></subfield>
    <subfield code="b"> </subfield>
  </datafield>
  <datafield tag="980" ind1=" " ind2=" ">
    <subfield code="a">TESIS</subfield>
  </datafield>
</record>
</collection>